| 000 | 00741nam a22002657a 4500 | ||
|---|---|---|---|
| 001 | 010 | ||
| 003 | DO-SdBNP | ||
| 005 | 20161201091737.0 | ||
| 007 | 010 | ||
| 008 | 150918b 2009 cr xxu||||| |||| 00| 0 spa d | ||
| 020 | _a9788496823 | ||
| 040 |
_aBPMSU _bspa _cBPMSU |
||
| 082 |
_a646.724 _bN964t |
||
| 245 | 0 | 0 |
_aNuevas técnicas de corte, color y peinado paso a paso / _cJosep M. Minguet, editor |
| 260 | 0 |
_a[Costa Rica] : _bLexus, _c2009 |
|
| 300 |
_a206 p. : _bils. ; _c32 cm. |
||
| 650 | 4 | _aPELUQUERIA | |
| 650 | 4 | _aTEÑIDO DEL PELO | |
| 650 | 4 |
_aPELO _xCUIDADO E HIGIENE |
|
| 650 | 4 | _aPEINADO | |
| 700 | 1 | 2 |
_aMinguet, Josep M., _eed. |
| 910 | _aValidado. Control de calidad MFF | ||
| 942 |
_2ddc _cBK |
||
| 956 | _aBrenda Tavárez | ||
| 999 |
_c8267 _d8267 |
||